Deuxième supplément au Dictionnaire de chimie pure et appliquée / (Record no. 153452)
[ view plain ]
| 000 -LEADER | |
|---|---|
| campo de control de longitud fija | 01101nam a2200241 i 4500 |
| 001 - NÚMERO DE CONTROL | |
| campo de control | 153452 |
| 003 - IDENTIFICADOR DE NÚMERO DE CONTROL | |
| campo de control | ES-MaACL |
| 005 - FECHA Y HORA DE LA ÚLTIMA TRANSACCIÓN | |
| campo de control | 20260201063016.0 |
| 008 - DATOS DE LONGITUD FIJA--INFORMACIÓN GENERAL | |
| campo de control de longitud fija | 030324m18921908fr a |||| | fre d |
| 040 ## - FUENTE DE CATALOGACIÓN | |
| Centro catalogador/agencia de origen | GA |
| Lengua de catalogación | spa |
| Centro/agencia transcriptor | CCPB | B |
| 100 1# - ENTRADA PRINCIPAL--NOMBRE DE PERSONA | |
| Nombre de persona | Wurtz, Adolphe, |
| Fechas asociadas al nombre | 1817-1884 |
| 9 (RLIN) | 159349 |
| 245 10 - MENCIÓN DEL TÍTULO | |
| Título | Deuxième supplément au Dictionnaire de chimie pure et appliquée / |
| Mención de responsabilidad, etc. | de Ad. Wurtz publié sous la direction de Ch. Friedel... ; avec la collaboration de P. Adam ... [et al.]. |
| 260 ## - PUBLICACIÓN, DISTRIBUCIÓN, ETC. | |
| Lugar de publicación, distribución, etc. | Paris : |
| Nombre del editor, distribuidor, etc. | Librairie Hachette et Cie, |
| Fecha de publicación, distribución, etc. | 1892-1908. |
| 300 ## - DESCRIPCIÓN FÍSICA | |
| Extensión | 7 vol.(1585, 789, 945, 648, 1024, 1058 p.) : |
| Otras características físicas | il. ; |
| Dimensiones | 24 cm. |
| 505 8# - NOTA DE CONTENIDO CON FORMATO | |
| Nota de contenido con formato | Contiene: I. A-B. - 1892. -- [II.] C. - 1894 -- III. D-E. - 1897 -- IV. F-G. - 1901 -- V. H. - 1906 -- VI. I-Plu. - 1907 --VII. Pod-Zym. - 1908 |
| 650 04 - PUNTO DE ACCESO ADICIONAL DE MATERIA--TÉRMINO DE MATERIA | |
| Término de materia o nombre geográfico como elemento de entrada | Química- |
| Subdivisión de forma | Diccionarios. |
| 9 (RLIN) | 16626 |
| 650 #4 - PUNTO DE ACCESO ADICIONAL DE MATERIA--TÉRMINO DE MATERIA | |
| Término de materia o nombre geográfico como elemento de entrada | Mineralogía- |
| Subdivisión de forma | Diccionarios. |
| 9 (RLIN) | 159350 |
| 650 04 - PUNTO DE ACCESO ADICIONAL DE MATERIA--TÉRMINO DE MATERIA | |
| Término de materia o nombre geográfico como elemento de entrada | Química- |
| Subdivisión de forma | Diccionarios. |
| 9 (RLIN) | 16626 |
| 700 11 - ENTRADA AGREGADA--NOMBRE PERSONAL | |
| Nombre de persona | Adam, P. |
| 9 (RLIN) | 125540 |
| 700 1# - ENTRADA AGREGADA--NOMBRE PERSONAL | |
| Nombre de persona | Friedel, Charles ( |
| Fechas asociadas al nombre | 1832-1899) |
| 9 (RLIN) | 52617 |
| 852 ## - LOCALIZACIÓN | |
| Ubicación | ES-MaACL |
| Número de control de estantería | B-5249-55 |
| Nota libre | -- Enc. pasta española |
| Estatus retirado | Estado de pérdida | Estado de daño | No para préstamo | Colección | Biblioteca de origen | Biblioteca actual | Ubicación en estantería | Fecha de adquisición | Total de préstamos | Signatura topográfica completa | Código de barras | Visto por última vez | Precio de reemplazo | Tipo de ítem Koha |
|---|---|---|---|---|---|---|---|---|---|---|---|---|---|---|
| Libros del s. XIX | Biblioteca del Ateneo de Madrid | Biblioteca del Ateneo de Madrid | Sala Pardo Bazán | 17/01/2008 | B-5249-55 | 1160376 | 23/02/2023 | 23/02/2023 | Libro impreso antiguo |
